Is a Batman Villain (Sudden Death) - Statistics

General Stats
  • This quiz has been taken 845 times
    305 since last reset
  • The average score is 10 of 16
Answers on the Grid
Answers color-coded by a green-red scale on the quiz's grid according to % correct below.
The Bookworm
The Riddler
The Wax Phantom
Sandman
Hugo Drax
Hugo Strange
Killer Moth
Joker
King Tut
Kamal Khan
Onomatopoeia
Green Goblin
Phantom Shadow
Death-Stalker
Killer Croc
Bane
Annie Wilkes
Fat Bastard
Calendar Man
Clock King
Vito Corleone
Carmine Falcone
Aristotle Kristatos
Kang & Kodos
Ra's al Ghul
Raoul Silva
Penguin
Harley Quinn
Beetle
Zen Tuo
Condiment King
Zuckuss
 
Answer Stats
Answer % Correct
The Riddler
96%
Joker
89%
Bane
83%
Harley Quinn
82%
Killer Croc
77%
Penguin
77%
Ra's al Ghul
76%
Hugo Strange
71%
Calendar Man
65%
Carmine Falcone
63%
Killer Moth
58%
Condiment King
51%
Clock King
44%
King Tut
29%
The Bookworm
22%
Onomatopoeia
19%
No matching quizzes found
Score Distribution
Percent of People with Each Score
Percentile by Number Answered
Your Score History
You have not taken this quiz since the last reset